MARC

Tag First Indicator Second Indicator Subfields
LEADER 00000cam a2200000 i 4500
001 in00004432921
005 20211120111923.0
006 m o d f
007 cr |||||||||||
008 170808e200012 ncua obt f000 0 eng c
035 |a (OCoLC)on1000043130 
042 |a pcc 
043 |a n-us--- 
040 |a UND  |b eng  |e rda  |e pn  |c UND  |d GPO  |d OCLCO  |d GPO  |d MvI 
049 |a WWW 
074 |a 0483-E-22 (online) 
086 0 |a EP 4.52:AS 6/7 
088 |a EPA-454/R-00-019 
100 1 |a Myers, Ron E.,  |e author. 
245 1 0 |a Hot mix asphalt plants.  |p Emission assessment report /  |c prepared by Emissions Monitoring and Analysis Division, Office of Air Quality Planning and Standards, United States Environmental Protection Agency and under contract by Midwest Research Institute and Eastern Research Group, Inc. 
246 3 0 |a Emission assessment report 
264 1 |a Research Triangle Park, North Carolina :  |b U.S. Environmental Protection Agency, Office of Air and Radiation, Office of Air Quality Planning and Standards,  |c December 2000. 
300 |a 1 online resource (approximately 662 pages) :  |b illustrations 
336 |a text  |b txt  |2 rdacontent 
337 |a computer  |b c  |2 rdamedia 
338 |a online resource  |b cr  |2 rdacarrier 
588 |a Description based on online resource, PDF version; title from title page (EPA, viewed April 13, 2021). 
500 |a "Author(s): Ron Myers, Bryan Shrager, Gary Brooks"--Technical report data page. 
500 |a "EPA 454/R-00-019." 
500 |a "December 2000." 
504 |a Includes bibliographical references. 
536 |a Performed by Midwest Research Institute for the U.S. Environmental Protection Agency, Office of Air and Radiation, Office of Air Quality Planning and Standards  |b 68D-98-027 
536 |a Performed by Eastern Research Group, Inc. for the U.S. Environmental Protection Agency, Office of Air and Radiation, Office of Air Quality Planning and Standards  |b 68-D7-0068 
650 0 |a Air  |x Pollution  |x Measurement. 
650 0 |a Asphalt plants  |x Environmental aspects  |z United States. 
650 0 |a Asphalt industry  |x Environmental aspects  |x Research  |x Methodology. 
650 0 |a Air  |x Pollution  |z United States. 
650 7 |a Air  |x Pollution  |x Measurement.  |2 fast  |0 (OCoLC)fst00802127 
650 7 |a Asphalt plants  |x Environmental aspects.  |2 fast  |0 (OCoLC)fst00818879 
651 7 |a United States.  |2 fast  |0 (OCoLC)fst01204155 
700 1 |a Shrager, Bryan,  |e author. 
700 1 |a Brooks, Gary,  |e author. 
710 1 |a United States.  |b Environmental Protection Agency.  |b Emissions, Monitoring, and Analysis Division,  |e issuing body. 
710 2 |a Midwest Research Institute (Kansas City, Mo.) 
710 2 |a Eastern Research Group, Inc. 
776 0 8 |i Microfiche version:  |a Myers, Ron E.  |t Hot mix asphalt plants. Emission assessment report  |w (OCoLC)48460367 
776 0 8 |i Print version:  |t Hot mix asphalt plants emission assessment report  |w (OCoLC)45855737 
856 4 0 |u https://purl.fdlp.gov/GPO/gpo154249  |t 0 
856 4 2 |3 Hot Mix Asphalt reports and related information  |u http://purl.fdlp.gov/GPO/LPS15919  |t 0 
999 f f |s e0b41047-62b9-3817-9247-4ef44ed1d6b2  |i fad944a2-c735-336c-b55b-5e4af02f865d  |t 0 
952 f f |a Texas A&M University  |b College Station  |c Electronic Resources  |d Available Online  |t 0  |e EP 4.52:AS 6/7  |h Superintendent of Documents classification 
998 f f |a EP 4.52:AS 6/7  |t 0  |l Available Online